Pravidlá proti škandálom
Uplatňovanie corporate governance v Európe. Opatrenia proti škandálom v USA. Akčný program finančných služieb. Kódex riadenia a správy podnikov v OECD.
Saved in:
| Main Author: | |
|---|---|
| Format: | Book Chapter |
| Language: | Slovak |
| Subjects: | |
| Tags: |
No Tags, Be the first to tag this record!
|
MARC
| LEADER | 00000naa a2200000 4500 | ||
|---|---|---|---|
| 001 | r048365 | ||
| 005 | 20230920090333.9 | ||
| 041 | 0 | |a slo | |
| 044 | |a SK | ||
| 245 | 1 | 0 | |a Pravidlá proti škandálom |c Jennie Mills |
| 520 | |a Uplatňovanie corporate governance v Európe. Opatrenia proti škandálom v USA. Akčný program finančných služieb. Kódex riadenia a správy podnikov v OECD. | ||
| 610 | 2 | 0 | |a správa podniku |
| 610 | 2 | 0 | |a riadenie podnikové |
| 610 | 2 | 0 | |a Európa |
| 610 | 2 | 0 | |a USA |
| 610 | 2 | 0 | |a kríza |
| 610 | 2 | 0 | |a podnik |
| 610 | 2 | 0 | |a činnosť trestná |
| 100 | 1 | |a Mills, Jennie | |